Co to za roślina? #12 - Statystyki

Ogólne statystyki
  • Ten quiz został rozwiązany 34 razy
  • Średni wynik to 4 z 24
Statystyki odpowiedzi
Obrazkowy Hint Odpowiedź % Poprawnych
x jajowaty Dmuszek
100%
x katechu Areka
50%
x etneński Janowiec
50%
pieprz x Kubeba
50%
inaczej Wiąz szypułkowy Limak
50%
x drobnokwiatowa Żółtlica
50%
x zmienna Aglaonema
0%
x orientalna, inaczej Czerwienica Alkanna
0%
inaczej Drążnia lub Drzewo trąbkowe Cekropka
0%
x czarnodrzew Dalbergia
0%
Ewodia
0%
x zaniedbana Gwiazdnica
0%
Koleus
0%
x egipskie Kolibło
0%
Bluszczyk x Kurdybanek
0%
x alpejska Naradka
0%
Nefrolepis
0%
x omszona Paulownia
0%
x japoński Pieris
0%
x jednogłówkowy Prosienicznik
0%
x plamisty Sadziec
0%
x okazała Smotrawa
0%
x plamisty Szczwół
0%
x sosnka Wilczomlecz
0%
Nie znaleziono quizów pasujących do podanych kryteriów
Rozkład punktacji
Procent ludzi z każdym wynikiem
Percentyl według liczby udzielonych odpowiedzi
Twoja historia wyników
Nie rozwiązałeś tego quizu